Mac Miller songs - Statistics

General Stats
  • This quiz has been taken 419 times
  • The average score is 67 of 202
Answer Stats
Project Song % Correct
Circles Circles
80%
The Divine Feminine We
79%
The Divine Feminine Congratulations
78%
K.I.D.S. The Spins
78%
Swimming Self Care
72%
Swimming 2009
69%
Swimming Come Back to Earth
69%
Swimming Ladders
69%
The Divine Feminine Cinderella
67%
The Divine Feminine Dang!
67%
K.I.D.S. Nikes on my Feet
65%
Swimming Jet Fuel
64%
Best Day Ever Donald Trump
63%
Circles Good News
61%
Circles Blue World
60%
The Divine Feminine God Is Fair, Sexy Nasty
60%
K.I.D.S. Kool Aid & Frozen Pizza
60%
Best Day Ever Best Day Ever
59%
Circles Woods
59%
The Divine Feminine My Favorite Part
57%
Swimming Small Worlds
57%
The Divine Feminine Stay
57%
GO:OD AM Weekend
57%
Balloonerism Funny Papers
56%
Faces Diablo
55%
I Love Life, Thank You Love Lost
55%
Swimming So It Goes
55%
The Divine Feminine Skin
54%
Swimming Wings
54%
Swimming What's the Use?
53%
Swimming Hurt Feelings
52%
K.I.D.S. Senior Skip Day
51%
Balloonerism Stoned
51%
Circles Surf
51%
Blue Slide Park Blue Slide Park
50%
Faces Funeral
50%
K.I.D.S. Knock Knock
50%
Watching Movies with the Sound Off Objects in the Mirror
50%
Balloonerism Rick's Piano
50%
Balloonerism 5 Dollar Pony Rides
49%
GO:OD AM Perfect Circle / Godspeed
48%
Blue Slide Park Missed Calls
47%
Watching Movies with the Sound Off Watching Movies
47%
Faces Yeah
47%
Swimming Dunno
46%
Circles Hand Me Downs
46%
GO:OD AM ROS
45%
Faces Wedding
45%
Circles Complicated
44%
Swimming Conversation Pt. 1
44%
GO:OD AM Brand Name
43%
K.I.D.S. Poppy
43%
GO:OD AM 100 Grandkids
42%
Swimming Perfecto
42%
The Divine Feminine Soulmate
42%
Watching Movies with the Sound Off Avian
41%
GO:OD AM Doors
41%
Best Day Ever BDE Bonus
40%
Faces Happy Birthday
40%
K.I.D.S. Outside
40%
Watching Movies with the Sound Off The Star Room
40%
Balloonerism DJ's Chord Organ
39%
Faces Inside Outside
39%
Macadelic The Question
39%
Circles Hands
38%
I Love Life, Thank You I Love Life, Thank You
38%
Balloonerism Tambourine Dream
38%
Macadelic Thoughts from a Balcony
38%
Circles Once A Day
37%
Circles That's On Me
37%
Faces Colors and Shapes
36%
Circles Everybody
36%
Macadelic Fight the Feeling
36%
Faces Friends
36%
Circles I Can See
36%
K.I.D.S. Kickin' Incredibly Dope Shit (Intro)
36%
The Divine Feminine Planet God Damn
35%
GO:OD AM Ascension
34%
Faces New Faces v2
34%
Faces Rain
34%
Watching Movies with the Sound Off Red Dot Music
34%
Watching Movies with the Sound Off Youforia
34%
Live From Space Earth
33%
Blue Slide Park Frick Park Market
33%
Faces Here We Go
33%
GO:OD AM Rush Hour
33%
Watching Movies with the Sound Off S.D.S.
33%
Macadelic Desperado
32%
K.I.D.S. Face In The Crowd
32%
Faces Grand Finale
32%
Watching Movies with the Sound Off The Star Room (OG Version)
32%
Macadelic Loud
31%
Balloonerism Manakins
31%
Faces San Francisco
31%
Watching Movies with the Sound Off Someone Like You
31%
I Love Life, Thank You The Scoop On Heaven
31%
GO:OD AM When in Rome
31%
K.I.D.S. Ayye
30%
Faces Polo Jeans
30%
Watching Movies with the Sound Off REMember
30%
Faces Therapy
30%
Faces 55
29%
Faces Angel Dust
29%
GO:OD AM Jump
29%
Faces Malibu
29%
Balloonerism Tomorrow Will Never Know
29%
Watching Movies with the Sound Off Aquarium
28%
Faces Ave Maria
28%
Watching Movies with the Sound Off Bird Call
28%
Faces Insomniak
28%
Watching Movies with the Sound Off O.K.
28%
Blue Slide Park Party On Fifth Ave.
28%
GO:OD AM The Festival
28%
GO:OD AM Two Matches
28%
Balloonerism Friendly Hallucinations
27%
I Love Life, Thank You All This
26%
K.I.D.S. Back In The Day
26%
GO:OD AM Cut the Check
26%
Watching Movies with the Sound Off Matches
26%
I Love Life, Thank You The Miller Family Reunion
26%
I Love Life, Thank You All That
25%
Macadelic America
25%
GO:OD AM Clubhouse
25%
Balloonerism Excelsior
25%
K.I.D.S. Get Em Up
25%
Watching Movies with the Sound Off I'm Not Real
25%
Faces It Just Doesn't Matter
25%
Balloonerism Mrs. Deborah Downer
25%
On And On And Beyond On And On
25%
Blue Slide Park PA Nights
25%
K.I.D.S. Paper Route
25%
Balloonerism Shangri-La
25%
Faces Thumbalina
25%
Blue Slide Park Under The Weather
25%
Watching Movies with the Sound Off Gees
24%
I Love Life, Thank You People Under The Stairs
24%
Macadelic Aliens Fighting Robots
23%
Blue Slide Park Diamonds & Gold
23%
K.I.D.S. Don't Mind If I Do
23%
Balloonerism Do You Have A Destination?
23%
Live From Space Eggs Aisle
23%
Best Day Ever Keep Floatin'
23%
Faces Uber
23%
GO:OD AM Break the Law
22%
Watching Movies with the Sound Off Goosebumpz
22%
Watching Movies with the Sound Off I Am Who I Am (Killin' Time)
22%
GO:OD AM Time Flies
22%
Macadelic Vitamins
22%
Faces What Do You Do
22%
Macadelic 1 Threw 8
21%
Best Day Ever Get Up
21%
Live From Space Life
21%
Macadelic Lucky Ass Bitch
21%
I Love Life, Thank You Willie Dynamite
21%
K.I.D.S. All I Want Is You
20%
Macadelic Angels
20%
Blue Slide Park English Lane
20%
Best Day Ever I'll Be There
20%
K.I.D.S. Mad Flava, Heavy Flow (Interlude)
20%
Live From Space Black Bush
19%
K.I.D.S. Good Evening
19%
Blue Slide Park Smile Back
19%
Watching Movies with the Sound Off Suplexes Inside of Complexes and Duplexes
19%
Macadelic The Mourning After
19%
Balloonerism Transformations
19%
Best Day Ever Wear My Hat
19%
GO:OD AM In the Bag
18%
Best Day Ever Oy Vey
18%
K.I.D.S. Ride Around
18%
Faces Apparition
17%
Macadelic Clarity
17%
Watching Movies with the Sound Off Claymation
17%
Blue Slide Park Hole In My Pocket
17%
I Love Life, Thank You Boom Bap Rap
16%
Live From Space In The Morning
16%
Blue Slide Park Of The Soul
15%
Best Day Ever Down the Rabbit Hole
14%
Best Day Ever In the Air
14%
On And On And Beyond In The Air
14%
Macadelic Sunlight
14%
Macadelic Fuck 'Em All
13%
Blue Slide Park Loitering
13%
Best Day Ever Play Ya Cards
13%
Blue Slide Park Up All Night
13%
Best Day Ever All Around the World
12%
Blue Slide Park Man In The Hat
12%
Blue Slide Park One Last Thing
12%
Best Day Ever Snooze
12%
On And On And Beyond Another Night
11%
I Love Life, Thank You Cold Feet
11%
I Love Life, Thank You Family First
11%
Macadelic Ignorant
11%
I Love Life, Thank You Just a Kid
11%
On And On And Beyond Live Free
11%
Best Day Ever She Said
11%
Best Day Ever Wake Up
11%
Blue Slide Park My Team
10%
I Love Life, Thank You Pranks 4 Players
9%
On And On And Beyond Put It On
9%
Best Day Ever | On And On And Beyond Life Ain't Easy
8%
Macadelic Love Me As I Haved Loved You
5%
No matching quizzes found
Score Distribution
Percent of People with Each Score
Percentile by Number Answered
Your Score History
You have not taken this quiz